000 00786nam a22002177a 4500
005 20240530110921.0
008 220221s2009 ua a g b 000 0 ara d
040 _aEG-CaGPL
_cEG-CaGPL
082 0 4 _221
_a344.03 \
_bم ت
100 0 _aمحمد احمد بيومى
245 1 2 _aالتشريعات الاجتماعية /
_cمحمد احمد بيومى
250 _aط.1
260 _aالاسكندرية :
_bدار المعرفة الجامعية،
_c2009
300 _a336 ص؛
_c24 سم
650 0 7 _aالضمان الاجتماعى
_2qrmak
650 0 7 _aالتامينات الاجتماعية
_2qrmak
650 0 7 _aالطفال
_2qrmak
_xقوانين وتشريعات
650 0 7 _aالاحداث
_2qrmak
942 _2ddc
_cBK
999 _c66481
_d66481